000
00262nam a2200097Ia 4500
001
1229305
005
20250827093058.0
008
250824s9999 xx 000 0 und d
245
0
_a
IŞIN ÇAĞI ÇOCUKLARI
_c
GÜLTEN DAYIOĞLU
260
_b
ALTIN KİTAPLAR YAYINLARI
999
_c
1229305
_d
1229305